000 00914nam a2200265 i 4500
001 15941
003 ES-MaACL
005 20250829062527.0
007 t|
008 000525s1999 sp a |||| | spa d
020 _a84-362-3918-0
080 _a581.9(460.181)
080 _a821.134.2'282(460.181)
100 1 _aEsgueva Martínez, Manuel A.
_947722
245 1 4 _aLas plantas silvestres en León
_b: estudio de dialectología lingüística /
_cManuel A. Esgueva Martínez.
250 _a1ª ed.
260 _aMadrid :
_bUniversidad Nacional de Educacion a Distancia,
_c1999.
300 _a335 p. :
_bil. ;
_c24 cm.
490 1 _aEstudios de la UNED
650 1 4 _aPlantas-
_xNombres vulgares-
_zLeón (Provincia)
_9163201
710 2 _aUniversidad Nacional de Educación a Distancia (España)
_97405
830 0 _aEstudios de la UNED
_9183061
852 _aES-MaACL
_jL-22850
999 _c15941
_d15941